Planes de manejo conceptos y propuestas (Registro nro. 4182)

Detalles MARC
000 -CABECERA
Campo de control 00512nam a2200181 a 4500
090 ## - CLASIFICACIÓN LOCAL
Colección LB
Consecutivo 03867
041 ## - IDIOMA
Código de idioma para texto/pista de sonido o título separado Español
100 ## - ASIENTO PRINCIPAL--NOMBRE PERSONAL
Nombre personal Amend, Stephan
245 ## - MENCION DE TITULO
Título Planes de manejo conceptos y propuestas
260 ## - PUBLICACION, DISTRIBUCION, ETC. (PIE DE IMPRENTA)
Lugar de publicación, distribución, etc. Panamá
Nombre del editor, distribuidor, etc. Parques Nacionales y Conservación Ambiental
Fecha de publicación, distribución, etc. 2002
300 ## - DESCRIPCION FISICA
Extensión 110 p.
700 ## - ASIENTO SECUNDARIO - NOMBRE PERSONAL
Nombre personal Giraldo, Aída
700 ## - ASIENTO SECUNDARIO - NOMBRE PERSONAL
Nombre personal Oltremari, Juan
700 ## - ASIENTO SECUNDARIO - NOMBRE PERSONAL
Nombre personal Sánchez, Ramón
700 ## - ASIENTO SECUNDARIO - NOMBRE PERSONAL
Nombre personal Valarezo, Vladimir
700 ## - ASIENTO SECUNDARIO - NOMBRE PERSONAL
Nombre personal Yeren, Edgard
942 ## - ELEMENTOS ADICIONALES (KOHA)
Tipo de ítem

No hay ítems disponibles.